000
00313nam a22001337a 4500
008
181226b xxu||||| |||| 00| 0 eng d
020
_a
9781418836252
041
_a
eng
080
_a
004
100
_a
39
101
_a
SHK
245
_a
An Introduction to Programming Aliee
_c
Herbert.CH.W
942
_2
udc
_c
BK
999
_c
53790
_d
53790